| 000 | 00458nam a2200145 4500 | ||
|---|---|---|---|
| 001 | 112712 | ||
| 003 | ES-MaACL | ||
| 007 | t| | ||
| 008 | 061121s1930 cu r ||||1| spa d | ||
| 100 | 1 |
_aNovo, Adelardo. _986081 |
|
| 245 | 1 | 0 |
_aDe la Habana a Sevilla por los aires _b: (impresiones de un periodista espaƱol pasajero de Zeppelin) / _c1930. |
| 260 |
_aLa Habana : _bHermes, _c1930. |
||
| 300 |
_a260 p. : _bil. ; _c21 x 14 cm. |
||
| 852 |
_aES-MaACL _jB-9042 |
||
| 999 |
_c112712 _d112712 |
||